Interim report on certain important aspects of selected export oriented agricultural commodities. (Record no. 24255)

MARC details
000 -LEADER
fixed length control field 00374nam a2200109Ia 4500
082 ## - DEWEY DECIMAL CLASSIFICATION NUMBER
Classification number 330.133:631(04)
Item number IND
245 #0 - TITLE STATEMENT
Title Interim report on certain important aspects of selected export oriented agricultural commodities.
260 ## - PUBLICATION, DISTRIBUTION, ETC. (IMPRINT)
Place of publication New Delhi
Name of publisher National commission on agriculture
Year of publication 1974
650 ## - SUBJECT ADDED ENTRY--TOPICAL TERM
Topical Term Agriculture
942 ## - ADDED ENTRY ELEMENTS (KOHA)
Koha item type Books
Holdings
Withdrawn status Lost status Damaged status Not for loan Home library Current library Date acquired Full call number Accession Number Koha item type
        RRII Library RRII Library 16/12/2021 330.133:631(04) IND 04939 Books